[Event "Charlotte Fall GM"]
[Site "Charlotte USA"]
[Date "2017.11.24"]
[Round "4.2"]
[White "Panjwani, Raja"]
[Black "Boros, Denes"]
[Result "1/2-1/2"]
[WhiteElo "2421"]
[BlackElo "2471"]
[PlyCount "185"]
[EventDate "2017.11.22"]
[EventType "tourn"]
[EventRounds "9"]
[EventCountry "USA"]
[EventCategory "8"]
[Source "Chess Mix"]
[SourceDate "2017.12.10"]

1. Nf3 Nf6 2. c4 b6 3. g3 Bb7 4. Bg2 c5 5. O-O g6 6. b3 Bg7 7. Bb2 O-O 8. Nc3
d6 9. d4 cxd4 10. Qxd4 Nbd7 11. Rfd1 Rc8 12. Qe3 Ne4 13. Nd4 Nxc3 14. Bxc3 Bxg2
15. Kxg2 Rc5 16. Nb5 Nf6 17. Qf3 a6 18. Nd4 Qd7 19. h3 Rfc8 20. Bb4 Rh5 21. g4
Re5 22. Qg3 Re4 23. f3 Rxd4 24. Rxd4 Nxg4 25. Qxg4 Qxg4+ 26. hxg4 Bxd4 27. Rd1
Be5 28. a4 f6 29. Kf2 Kf7 30. Ke3 f5 31. f4 Bg7 32. gxf5 gxf5 33. Kf3 Bf6 34.
Rh1 Rh8 35. e4 fxe4+ 36. Kxe4 h5 37. Be1 e6 38. Bf2 Bd8 39. Rd1 Bc7 40. Bh4 Rg8
41. Bg5 Rb8 42. Rh1 Kg6 43. Rg1 Rc8 44. Bh4+ Kf7 45. f5 exf5+ 46. Kxf5 Bd8 47.
Bf2 b5 48. axb5 axb5 49. Rg6 bxc4 50. bxc4 Be7 51. Rh6 Rf8 52. Bd4 h4 53. Rh7+
Kg8+ 54. Kg6 Bf6 55. Bf2 Rc8 56. Bxh4 Rxc4 57. Bxf6 Rg4+ 58. Kh6 Rf4 59. Rg7+
Kf8 60. Kg5 Rf2 61. Rh7 Re2 62. Rd7 Ke8 63. Rxd6 Kf7 64. Rd7+ Ke8 65. Rc7 Re6
66. Kf5 Rd6 67. Kg6 Re6 68. Rg7 Rd6 69. Rh7 Re6 70. Kf5 Rd6 71. Be7 Re6 72. Bb4
Rc6 73. Ke5 Kd8 74. Kd5 Rg6 75. Ke5 Kc8 76. Bd6 Kd8 77. Ra7 Ke8 78. Re7+ Kf8
79. Ra7+ Ke8 80. Kd5 Rf6 81. Be5 Rg6 82. Ke4 Re6 83. Rh7 Kd8 84. Kf5 Rc6 85.
Ra7 Kc8 86. Ke4 Rg6 87. Kd5 Kd8 88. Ra2 Kd7 89. Rh2 Re6 90. Rh7+ Re7 91. Rh6
Rf7 92. Bf6 Kc7 93. Ke6 1/2-1/2

[Event "Charlotte Fall GM"]
[Site "Charlotte USA"]
[Date "2017.11.24"]
[Round "5.5"]
[White "Zapata, Alonso"]
[Black "Panjwani, Raja"]
[Result "0-1"]
[WhiteElo "2424"]
[BlackElo "2421"]
[PlyCount "112"]
[EventDate "2017.11.22"]
[EventType "tourn"]
[EventRounds "9"]
[EventCountry "USA"]
[EventCategory "8"]
[Source "Chess Mix"]
[SourceDate "2017.12.10"]

1. e4 e5 2. Nf3 Nc6 3. Bb5 g6 4. d4 exd4 5. Bg5 Be7 6. Bxe7 Qxe7 7. Bxc6 dxc6
8. Qxd4 Nf6 9. Nc3 Bg4 10. Nd2 O-O 11. h3 Be6 12. O-O Nd7 13. f4 f6 14. Nf3
Rad8 15. Qe3 Qc5 16. Rfe1 Qxe3+ 17. Rxe3 Nc5 18. a3 a5 19. Rd1 Rxd1+ 20. Nxd1
Rd8 21. Nf2 Re8 22. Re1 Kf8 23. g4 Bf7 24. Kh2 Na4 25. b3 Nc3 26. g5 fxg5 27.
Nxg5 h6 28. Nf3 a4 29. b4 Nb5 30. Re3 Nd6 31. Ne5 g5 32. Kg3 Bh5 33. h4 gxf4+
34. Kxf4 Ke7 35. Rg3 Rf8+ 36. Ke3 Rxf2 37. Kxf2 Nxe4+ 38. Kg2 Nxg3 39. Kxg3 Ke6
40. Kf4 Kd5 41. Ng4 b5 42. Nf6+ Kc4 43. Nxh5 c5 44. Ke3 cxb4 45. Kd2 bxa3 46.
Kc1 b4 47. Ng3 b3 48. Ne2 h5 49. Kb1 a2+ 50. Kb2 bxc2 51. Nc1 a1=Q+ 52. Kxa1
Kc3 53. Na2+ Kd2 54. Kb2 a3+ 55. Kxa3 c1=Q+ 56. Nxc1 Kxc1 0-1

[Event "Charlotte Fall GM"]
[Site "Charlotte USA"]
[Date "2017.11.25"]
[Round "6.1"]
[White "Mandiza, Farai"]
[Black "Panjwani, Raja"]
[Result "1/2-1/2"]
[WhiteElo "2400"]
[BlackElo "2421"]
[PlyCount "32"]
[EventDate "2017.11.22"]
[EventType "tourn"]
[EventRounds "9"]
[EventCountry "USA"]
[EventCategory "8"]
[Source "Chess Mix"]
[SourceDate "2017.12.10"]

1. Nf3 Nf6 2. c4 e6 3. Nc3 d5 4. d4 Be7 5. Bf4 O-O 6. e3 Nbd7 7. a3 c5 8. cxd5
Nxd5 9. Nxd5 exd5 10. dxc5 Nxc5 11. Be5 Bf5 12. Be2 Bf6 13. Bd4 Ne6 14. O-O
Nxd4 15. Nxd4 Be4 16. Qb3 Bxd4 1/2-1/2

[Event "Charlotte Fall GM"]
[Site "Charlotte USA"]
[Date "2017.11.25"]
[Round "7.5"]
[White "Panjwani, Raja"]
[Black "Tiglon, Bryce"]
[Result "1/2-1/2"]
[WhiteElo "2421"]
[BlackElo "2388"]
[PlyCount "66"]
[EventDate "2017.11.22"]
[EventType "tourn"]
[EventRounds "9"]
[EventCountry "USA"]
[EventCategory "8"]
[Source "Chess Mix"]
[SourceDate "2017.12.10"]

1. Nf3 d5 2. d4 Nf6 3. c4 e6 4. Nc3 dxc4 5. e3 a6 6. a4 c5 7. Bxc4 Nc6 8. O-O
Be7 9. dxc5 Bxc5 10. Qxd8+ Kxd8 11. b3 b6 12. Bb2 Ke7 13. Ng5 Bb4 14. Rfd1 Bb7
15. Na2 Bc5 16. Nc1 Nb4 17. Ba3 Rhd8 18. Ne2 Rxd1+ 19. Rxd1 Nd3 20. Bxc5+ Nxc5
21. Nd4 Bd5 22. Bxd5 Nxd5 23. Ngf3 Rc8 24. Rc1 Rc7 25. Kf1 f6 26. Nd2 g6 27. e4
Nb4 28. Rc4 a5 29. Ke2 Rd7 30. N4f3 e5 31. Ne1 Ne6 32. g3 Nc5 33. Nc2 Nxc2
1/2-1/2

[Event "Charlotte Fall GM"]
[Site "Charlotte USA"]
[Date "2017.11.26"]
[Round "8.2"]
[White "Tang, Andrew"]
[Black "Panjwani, Raja"]
[Result "0-1"]
[WhiteElo "2496"]
[BlackElo "2421"]
[PlyCount "64"]
[EventDate "2017.11.22"]
[EventType "tourn"]
[EventRounds "9"]
[EventCountry "USA"]
[EventCategory "8"]
[Source "Chess Mix"]
[SourceDate "2017.12.10"]

1. d4 Nf6 2. c4 g6 3. f3 Bg7 4. e4 d6 5. Nc3 O-O 6. Nge2 c5 7. d5 e6 8. Ng3
exd5 9. cxd5 h5 10. Bg5 a6 11. a4 Qe8 12. Qd2 Nh7 13. Bh6 h4 14. Bxg7 Kxg7 15.
Nge2 Nd7 16. Nf4 Ne5 17. Be2 f5 18. exf5 Nc4 19. Qd3 Ne5 20. Qd2 Bxf5 21. Ne4
Bxe4 22. Ne6+ Kg8 23. Nxf8 Qxf8 24. fxe4 Re8 25. Ra3 c4 26. Rf1 Qe7 27. Kf2
Rf8+ 28. Kg1 Rxf1+ 29. Bxf1 Qf6 30. Qf2 Qg5 31. Rh3 Nf6 32. Qxh4 Nf3+ 0-1

[Event "Charlotte Fall GM"]
[Site "Charlotte USA"]
[Date "2017.11.26"]
[Round "9.4"]
[White "Panjwani, Raja"]
[Black "Lee, Michael"]
[Result "1-0"]
[WhiteElo "2421"]
[BlackElo "2435"]
[PlyCount "83"]
[EventDate "2017.11.22"]
[EventType "tourn"]
[EventRounds "9"]
[EventCountry "USA"]
[EventCategory "8"]
[Source "Chess Mix"]
[SourceDate "2017.12.10"]

1. d4 Nf6 2. c4 g6 3. Nc3 Bg7 4. e4 d6 5. Nf3 O-O 6. Be2 e5 7. d5 Nbd7 8. Be3
Ng4 9. Bg5 f6 10. Bh4 Nh6 11. Nd2 Qe7 12. f3 Nf7 13. Qc2 Bh6 14. Bf2 a5 15.
O-O-O Nc5 16. Kb1 Bd7 17. h4 Kg7 18. Nf1 Rfc8 19. Ne3 Qe8 20. Ng4 Bxg4 21. fxg4
Qd7 22. Rh3 Rh8 23. Rf1 Rhf8 24. Bd1 Nh8 25. Rfh1 Kg8 26. Bf3 Rf7 27. g5 fxg5
28. hxg5 Bxg5 29. Qd1 Qe7 30. Bxc5 dxc5 31. Bg4 Rg7 32. Be6+ Nf7 33. Rf1 Kh8
34. Rhf3 Nd6 35. Qe2 Qd8 36. a4 Be7 37. b3 g5 38. g4 Qe8 39. Qh2 b5 40. cxb5 c4
41. Rh3 Qg6 42. Rh6 1-0

[Event "US Chess Masters"]
[Site "Greensboro USA"]
[Date "2017.08.25"]
[Round "4.5"]
[White "Panjwani, Raja"]
[Black "Gledura, Benjamin"]
[Result "1/2-1/2"]
[WhiteElo "2408"]
[BlackElo "2600"]
[PlyCount "36"]
[EventDate "2017.08.23"]
[EventType "swiss"]
[EventRounds "9"]
[EventCountry "USA"]
[Source "Chess Mix"]
[SourceDate "2017.09.01"]

1. Nf3 c5 2. b3 d6 3. d4 cxd4 4. Nxd4 e5 5. Nf3 Nc6 6. e3 d5 7. Bb2 f6 8. Be2
Be6 9. O-O Qb6 10. Nbd2 Rd8 11. a3 Nh6 12. b4 Nf5 13. c4 d4 14. exd4 Nfxd4 15.
Nxd4 Nxd4 16. Bd3 Be7 17. Nf3 Nxf3+ 18. Qxf3 O-O 1/2-1/2

[Event "Washington op"]
[Site "Rockville USA"]
[Date "2017.08.12"]
[Round "2.5"]
[White "Huschenbeth, Niclas"]
[Black "Panjwani, Raja"]
[Result "1/2-1/2"]
[WhiteElo "2575"]
[BlackElo "2408"]
[PlyCount "90"]
[EventDate "2017.08.12"]
[EventType "swiss"]
[EventRounds "9"]
[EventCountry "USA"]
[Source "Chess Mix"]
[SourceDate "2017.09.01"]

1. e4 e5 2. Nf3 Nc6 3. Bb5 g6 4. c3 a6 5. Ba4 d6 6. d4 Bd7 7. d5 Nce7 8. c4 b5
9. cxb5 axb5 10. Bb3 Nf6 11. Qd3 Bg7 12. O-O O-O 13. Nc3 Qb8 14. Bd2 h6 15.
Rac1 Ne8 16. Rfe1 g5 17. h4 g4 18. Nh2 b4 19. Ne2 f5 20. exf5 Bxf5 21. Qc4 h5
22. Nf1 Ra7 23. Ne3 Bg6 24. Nc2 Bf7 25. Ng3 c5 26. Bg5 Bxd5 27. Qd3 Bxb3 28.
Qxb3+ Kh8 29. Nxh5 Nf6 30. Nxg7 Kxg7 31. Ne3 Qc8 32. Red1 Ne4 33. Qd3 Nxg5 34.
hxg5 Nf5 35. Nxf5+ Qxf5 36. Qxf5 Rxf5 37. Rxd6 e4 38. Re1 Rxa2 39. Rd2 Re5 40.
Kh2 Kg6 41. Kg3 Kxg5 42. f4+ gxf3 43. gxf3 Kf5 44. Rh2 e3 45. f4 Re6 1/2-1/2

[Event "Washington op"]
[Site "Rockville USA"]
[Date "2017.08.13"]
[Round "3.6"]
[White "Panjwani, Raja"]
[Black "Nyzhnyk, Illya"]
[Result "1/2-1/2"]
[WhiteElo "2408"]
[BlackElo "2621"]
[PlyCount "93"]
[EventDate "2017.08.12"]
[EventType "swiss"]
[EventRounds "9"]
[EventCountry "USA"]
[Source "Chess Mix"]
[SourceDate "2017.09.01"]

1. d4 d5 2. Nf3 Nf6 3. c4 e6 4. Nc3 Bb4 5. cxd5 exd5 6. Qa4+ Nc6 7. Bg5 h6 8.
Bxf6 Qxf6 9. e3 O-O 10. Be2 Be6 11. a3 Bd6 12. Nb5 Qd8 13. Nxd6 Qxd6 14. b4 Bg4
15. b5 Ne7 16. Qb4 Nf5 17. h3 Bxf3 18. Qxd6 Nxd6 19. gxf3 a6 20. bxa6 b5 21.
Rb1 Rxa6 22. Bxb5 Rb8 23. Bd3 Rxb1+ 24. Bxb1 Rxa3 25. Ke2 Kf8 26. Rc1 Ra1 27.
Kd1 Nc4 28. Bf5 Rxc1+ 29. Kxc1 Ke7 30. Kc2 Kd6 31. Bd3 Nb6 32. Kc3 c5 33. Bb5
f6 34. f4 Nc8 35. f3 Ne7 36. e4 cxd4+ 37. Kxd4 Ng6 38. f5 Nh4 39. Be2 Ng2 40.
Bf1 Nf4 41. h4 h5 42. Bb5 g6 43. fxg6 Nxg6 44. Be8 Nxh4 45. Bxh5 Nxf3+ 46. Bxf3
dxe4 47. Kxe4 1/2-1/2

[Event "Washington op"]
[Site "Rockville USA"]
[Date "2017.08.13"]
[Round "4.9"]
[White "Panjwani, Raja"]
[Black "Azarov, Sergei"]
[Result "1/2-1/2"]
[WhiteElo "2408"]
[BlackElo "2588"]
[PlyCount "226"]
[EventDate "2017.08.12"]
[EventType "swiss"]
[EventRounds "9"]
[EventCountry "USA"]
[Source "Chess Mix"]
[SourceDate "2017.09.01"]

1. Nf3 Nf6 2. c4 e6 3. d4 d5 4. Nc3 Be7 5. Bg5 h6 6. Bh4 O-O 7. e3 b6 8. Be2
Bb7 9. Bxf6 Bxf6 10. cxd5 exd5 11. O-O Qe7 12. Qb3 Rd8 13. Rad1 c6 14. Rfe1 Nd7
15. Bd3 Nf8 16. e4 dxe4 17. Nxe4 Bxd4 18. Bc4 b5 19. Nxd4 bxc4 20. Qxc4 Rd5 21.
Nxc6 Bxc6 22. Qxc6 Rxd1 23. Rxd1 Rb8 24. b3 Rb6 25. Qd5 Re6 26. f3 Qc7 27. h3
Re8 28. Qc5 Qb8 29. Rd6 Ne6 30. Qc4 a5 31. Qa6 Qb4 32. Qc6 Rf8 33. Qc3 Qxc3 34.
Nxc3 Rc8 35. Ne4 Rc1+ 36. Kf2 g5 37. g3 Kg7 38. Rd5 Rc2+ 39. Rd2 Rc1 40. Nd6 h5
41. Nb7 a4 42. bxa4 Rc4 43. a5 Ra4 44. Ke3 h4 45. gxh4 gxh4 46. Kd3 Rf4 47. Ke3
Ra4 48. Rg2+ Kf6 49. Rg4 Rxa2 50. Rxh4 Ke5 51. Re4+ Kd5 52. Rb4 Ra3+ 53. Kf2
Nd4 54. Kg2 Nxf3 55. Rf4 Ne5 56. h4 Ra2+ 57. Rf2 Ra4 58. h5 Rg4+ 59. Kf1 Rh4
60. a6 Rxh5 61. Ra2 Rh8 62. Nd8 Nc4 63. a7 Rxd8 64. a8=Q+ Rxa8 65. Rxa8 Ne5 66.
Kf2 Ke4 67. Kg3 Kf5 68. Kh4 Kg6 69. Rg8+ Kf6 70. Rg2 Kf5 71. Kh5 Kf6 72. Kh6
Ke6 73. Kg5 f6+ 74. Kf4 Nd3+ 75. Ke4 Nc5+ 76. Kd4 Nd7 77. Rc2 Ne5 78. Ke4 Nf7
79. Rc6+ Nd6+ 80. Kd4 Kd7 81. Kd5 Ne8 82. Rb6 Nc7+ 83. Ke4 Ke7 84. Rb7 Kd6 85.
Kf5 Nd5 86. Rh7 Kc5 87. Ke6 Nf4+ 88. Kxf6 Nd5+ 89. Ke5 Nb4 90. Rc7+ Nc6+ 91.
Ke6 Kb5 92. Kd6 Nb4 93. Rc5+ Ka4 94. Rh5 Kb3 95. Kc5 Nd3+ 96. Kd4 Nb4 97. Rh3+
Ka4 98. Kc5 Nc2 99. Rd3 Na3 100. Rc3 Nb1 101. Rd3 Na3 102. Rh3 Nb1 103. Rh1 Na3
104. Rg1 Kb3 105. Rg2 Nc2 106. Rg3+ Ka4 107. Rd3 Na3 108. Rc3 Nb1 109. Rc4+ Kb3
110. Rb4+ Kc2 111. Rc4+ Kd3 112. Rc1 Nc3 113. Rxc3+ Kxc3 1/2-1/2

[Event "World op"]
[Site "Philadelphia USA"]
[Date "2017.07.01"]
[Round "3"]
[White "Petrosian, Tigran L"]
[Black "Panjwani, Raja"]
[Result "1-0"]
[WhiteElo "2595"]
[BlackElo "2404"]
[PlyCount "71"]
[EventDate "2017.06.30"]
[EventType "swiss"]
[EventRounds "9"]
[EventCountry "USA"]
[Source "Chess Mix"]
[SourceDate "2017.07.10"]

1. Nf3 Nf6 2. g3 d5 3. Bg2 e6 4. O-O Be7 5. d3 c5 6. Nbd2 Nc6 7. e4 b6 8. Re1
Bb7 9. c3 Qc7 10. Qe2 h6 11. a3 a5 12. a4 Ba6 13. exd5 Nxd5 14. Nc4 O-O 15. h4
Rad8 16. Nh2 Rfe8 17. Ng4 Bc8 18. Ra3 Kh7 19. Rb3 f5 20. Nge3 Bf6 21. Qf1 Nce7
22. Nxd5 Nxd5 23. Bxd5 exd5 24. Bf4 Rxe1 25. Qxe1 Qc6 26. Rxb6 Qxa4 27. Nd6 Bd7
28. b3 Qa2 29. Be5 Bxe5 30. Qxe5 Qb1+ 31. Kg2 Qxd3 32. Qe7 f4 33. Nf7 f3+ 34.
Kh2 Qf5 35. Rxh6+ gxh6 36. Nd6+ 1-0

[Event "New York int."]
[Site "New York USA"]
[Date "2017.06.21"]
[Round "1"]
[White "Panjwani, Raja"]
[Black "Juac, Majur"]
[Result "1/2-1/2"]
[WhiteElo "2404"]
[BlackElo "2082"]
[PlyCount "39"]
[EventDate "2017.06.21"]
[EventType "swiss"]
[EventRounds "9"]
[EventCountry "USA"]
[Source "Mark Crowther"]
[SourceDate "2017.07.03"]

1. Nf3 Nf6 2. c4 b6 3. d4 Bb7 4. Nc3 g6 5. d5 Bg7 6. e4 O-O 7. h3 c6 8. e5 Ne8
9. Be2 d6 10. e6 fxe6 11. Ng5 Nc7 12. dxe6 Nba6 13. O-O Nc5 14. Bg4 Ba6 15. Re1
Bxc4 16. Nf7 Qe8 17. Nh6+ Kh8 18. Nf7+ Kg8 19. Nh6+ Kh8 20. Nf7+ 1/2-1/2

[Event "New York int."]
[Site "New York USA"]
[Date "2017.06.23"]
[Round "4"]
[White "Gorovets, Andrey"]
[Black "Panjwani, Raja"]
[Result "1/2-1/2"]
[WhiteElo "2524"]
[BlackElo "2404"]
[PlyCount "41"]
[EventDate "2017.06.21"]
[EventType "swiss"]
[EventRounds "9"]
[EventCountry "USA"]
[Source "Chess Mix"]
[SourceDate "2017.07.10"]

1. d4 Nf6 2. c4 e6 3. Nc3 d5 4. cxd5 exd5 5. Bg5 c6 6. Qc2 Na6 7. e3 Nc7 8. Bd3
Ne6 9. Bh4 Be7 10. Nge2 g6 11. O-O O-O 12. f3 b6 13. Rad1 Bb7 14. Rfe1 Re8 15.
Nf4 Nxf4 16. exf4 Nh5 17. Bxe7 Rxe7 18. g3 Qf8 19. f5 Rae8 20. Rxe7 Qxe7 21.
fxg6 1/2-1/2

[Event "New York int."]
[Site "New York USA"]
[Date "2017.06.24"]
[Round "6"]
[White "Zherebukh, Yaroslav"]
[Black "Panjwani, Raja"]
[Result "0-1"]
[WhiteElo "2642"]
[BlackElo "2404"]
[PlyCount "150"]
[EventDate "2017.06.21"]
[EventType "swiss"]
[EventRounds "9"]
[EventCountry "USA"]
[Source "Chess Mix"]
[SourceDate "2017.07.10"]

1. Nf3 Nf6 2. c4 e6 3. g3 d5 4. Bg2 Be7 5. O-O O-O 6. b3 c5 7. Bb2 Nc6 8. e3 b6
9. Qe2 Ba6 10. Na3 Rc8 11. Rfd1 Qc7 12. d3 Qb8 13. Rac1 Rfe8 14. Nb5 e5 15. Nh4
d4 16. Rf1 g6 17. Rce1 Bb7 18. Bc1 a6 19. Na3 dxe3 20. fxe3 e4 21. dxe4 Ne5 22.
Qc2 Qa8 23. Bb2 Bd8 24. Rf4 Nh5 25. Nf5 Nxf4 26. Nh6+ Kf8 27. gxf4 Nd7 28. Rd1
Rc7 29. Rd6 Be7 30. Rd2 Nf6 31. e5 Ng8 32. Nxg8 Kxg8 33. Bd5 Qc8 34. e6 Bxd5
35. cxd5 f6 36. f5 c4 37. d6 Bxd6 38. Rxd6 c3 39. Bc1 Rc5 40. e4 Rxf5 41. Nc4
Re5 42. Be3 R8xe6 43. Rd4 Rh5 44. Qd3 Re8 45. Bf2 Qg4+ 46. Bg3 Rc5 47. e5 Qf5
48. Qxc3 fxe5 49. Rd1 Rf8 50. Qd2 b5 51. Qe3 Qf3 52. Qxf3 Rxf3 53. Nd6 Rfc3 54.
b4 Rc1 55. bxc5 Rxd1+ 56. Kf2 Rc1 57. Ne4 Kf7 58. Bxe5 Ke6 59. Bd6 Kd5 60. Nf6+
Kc6 61. Nxh7 Rc2+ 62. Ke3 Rxa2 63. Nf8 g5 64. Nh7 b4 65. Kd3 Rg2 66. Kc4 a5 67.
Be7 Rc2+ 68. Kb3 Rc3+ 69. Ka2 g4 70. Nf6 Rc2+ 71. Kb3 Rd2 72. Bd8 Kb5 73. Bxa5
Rd3+ 74. Kb2 Kxa5 75. c6 Rc3 0-1

[Event "New York int."]
[Site "New York USA"]
[Date "2017.06.25"]
[Round "8"]
[White "Panjwani, Raja"]
[Black "Griffith, Kyron"]
[Result "1/2-1/2"]
[WhiteElo "2404"]
[BlackElo "2319"]
[PlyCount "28"]
[EventDate "2017.06.21"]
[EventType "swiss"]
[EventRounds "9"]
[EventCountry "USA"]
[Source "Mark Crowther"]
[SourceDate "2017.07.03"]

1. Nf3 Nf6 2. c4 d6 3. d4 g6 4. Nc3 Bg7 5. e4 O-O 6. Be2 e5 7. d5 a5 8. Be3 Ng4
9. Bg5 f6 10. Bh4 g5 11. Bg3 Nh6 12. Nd2 Na6 13. h4 g4 14. Nf1 Nc5 1/2-1/2

[Event "Americas Continental-ch"]
[Site "Medellin COL"]
[Date "2017.06.10"]
[Round "1.46"]
[White "Obando Guzman, Soren Federico"]
[Black "Panjwani, Raja"]
[Result "1-0"]
[WhiteElo "1964"]
[BlackElo "2404"]
[PlyCount "55"]
[EventDate "2017.06.10"]
[EventType "swiss"]
[EventRounds "11"]
[EventCountry "COL"]
[Source "Chess Mix"]
[SourceDate "2017.06.22"]

1. d4 g6 2. c4 Bg7 3. e4 d6 4. Nc3 Nf6 5. h3 O-O 6. Be3 c6 7. Nf3 a6 8. Be2 b5
9. cxb5 axb5 10. a3 Nbd7 11. O-O Nb6 12. Nd2 e6 13. Qc2 d5 14. e5 Nfd7 15. b3
f6 16. f4 fxe5 17. fxe5 Rxf1+ 18. Rxf1 Nxe5 19. dxe5 d4 20. Qd3 c5 21. Nxb5 Nd5
22. Bxd4 cxd4 23. Qxd4 Ba6 24. a4 Bh6 25. Nc4 Rb8 26. Qa7 Bb7 27. Nbd6 Nf4 28.
Bf3 1-0

[Event "Americas Continental-ch"]
[Site "Medellin COL"]
[Date "2017.06.12"]
[Round "4.32"]
[White "Panjwani, Raja"]
[Black "Montilla Reyes, Jorcerys"]
[Result "1-0"]
[WhiteElo "2404"]
[BlackElo "2161"]
[PlyCount "69"]
[EventDate "2017.06.10"]
[EventType "swiss"]
[EventRounds "11"]
[EventCountry "COL"]
[Source "Chess Mix"]
[SourceDate "2017.06.22"]

1. d4 d5 2. c4 c6 3. Nf3 Nf6 4. e3 e6 5. b3 Nbd7 6. Bb2 Bd6 7. Bd3 O-O 8. O-O
Qe7 9. Ne5 c5 10. Qf3 cxd4 11. exd4 dxc4 12. bxc4 Rd8 13. Nd2 Nf8 14. Qh3 Ng6
15. f4 Qc7 16. g4 Bxe5 17. fxe5 Nd7 18. Ne4 Rf8 19. Ng5 h6 20. Nxf7 Ndxe5 21.
dxe5 Qb6+ 22. Kh1 Bd7 23. Bxg6 Bc6+ 24. Rf3 Qxb2 25. Raf1 Rac8 26. Kg1 Bxf3 27.
Qxf3 Qd4+ 28. Kh1 Qxc4 29. g5 Qc6 30. Be4 Qc3 31. Qh5 Rc7 32. Nxh6+ gxh6 33.
Qg6+ Rg7 34. Qxe6+ Rgf7 35. g6 1-0

[Event "Americas Continental-ch"]
[Site "Medellin COL"]
[Date "2017.06.16"]
[Round "9.29"]
[White "Ruiz Aguilar, Pablo Alexander"]
[Black "Panjwani, Raja"]
[Result "1-0"]
[WhiteElo "2206"]
[BlackElo "2404"]
[PlyCount "79"]
[EventDate "2017.06.10"]
[EventType "swiss"]
[EventRounds "11"]
[EventCountry "COL"]
[Source "Chess Mix"]
[SourceDate "2017.06.22"]

1. e4 Nf6 2. e5 Nd5 3. d4 d6 4. Nf3 g6 5. Be2 Bg7 6. O-O O-O 7. c4 Nb6 8. exd6
cxd6 9. a4 d5 10. c5 N6d7 11. Nc3 Nf6 12. Bf4 Nc6 13. Ne5 Ne4 14. Nxc6 bxc6 15.
f3 Nxc3 16. bxc3 Qa5 17. Qd2 f6 18. Rfb1 e5 19. Be3 Re8 20. Bf1 Bf5 21. Rb4 Bf8
22. g4 Bc8 23. Re1 Be6 24. Reb1 Bf7 25. Qf2 Rad8 26. g5 Bg7 27. f4 exd4 28.
Bxd4 f5 29. Bxg7 Kxg7 30. Qd4+ Kg8 31. Bd3 Rd7 32. Rb7 Qd8 33. Kf2 Rde7 34. Qf6
Qa5 35. Qd4 Re4 36. Bxe4 Rxe4 37. Rb8+ Be8 38. Rxe8+ Rxe8 39. Rb7 Re2+ 40. Kf3
1-0

[Event "US Masters op"]
[Site "Greensboro USA"]
[Date "2016.08.25"]
[Round "1"]
[White "Panjwani, Raja"]
[Black "Green, Austen"]
[Result "1-0"]
[WhiteElo "2392"]
[BlackElo "2095"]
[PlyCount "53"]
[EventDate "2016.08.25"]
[EventType "swiss"]
[EventRounds "9"]
[EventCountry "USA"]
[Source "Chessbase"]
[SourceDate "2016.09.10"]

1. Nf3 g6 2. d4 f5 3. g3 Nf6 4. Bg2 Bg7 5. b3 d6 6. Bb2 O-O 7. O-O c6 8. a4 Re8
9. a5 e5 10. dxe5 Ng4 11. Nbd2 Nxe5 12. Nxe5 Bxe5 13. Bxe5 Rxe5 14. Nc4 Re6 15.
Qd2 Qe7 16. Rfd1 d5 17. Ne3 Nd7 18. c4 dxc4 19. Nxc4 Rxe2 20. Re1 Rxd2 21. Rxe7
Rd4 22. Re8+ Kg7 23. Rd8 c5 24. Re1 Nf6 25. Nd6 Bd7 26. Rxa8 Rxd6 27. Rxa7 1-0

[Event "US Masters op"]
[Site "Greensboro USA"]
[Date "2016.08.26"]
[Round "2"]
[White "Sevian, Samuel"]
[Black "Panjwani, Raja"]
[Result "1-0"]
[WhiteElo "2600"]
[BlackElo "2392"]
[PlyCount "81"]
[EventDate "2016.08.25"]
[EventType "swiss"]
[EventRounds "9"]
[EventCountry "USA"]
[Source "Chessbase"]
[SourceDate "2016.09.10"]

1. b3 d5 2. Bb2 Bg4 3. d3 Nd7 4. Nf3 Bxf3 5. exf3 e5 6. g3 Ngf6 7. Bg2 Bd6 8.
O-O O-O 9. c4 c6 10. cxd5 Nxd5 11. d4 Qc7 12. Nd2 exd4 13. Bxd4 Be5 14. Bxe5
Nxe5 15. f4 Nd7 16. a3 N7f6 17. Qc2 Rfe8 18. Nc4 Rad8 19. b4 a6 20. Rab1 Nb6
21. Ne5 Nbd7 22. Nc4 Nb6 23. Na5 Nbd5 24. Rfc1 Re7 25. Bf3 Rde8 26. Nc4 Nb6 27.
Ne3 Rd7 28. a4 Nbd5 29. Nc4 Rdd8 30. b5 axb5 31. axb5 cxb5 32. Rxb5 b6 33. Ne5
Qxc2 34. Rxc2 Ne7 35. Rc7 Nfd5 36. Rb7 f6 37. Nd7 Nc3 38. R5xb6 Rc8 39. Bh5
Ned5 40. Bxe8 Nxb6 41. Bf7+ 1-0

[Event "Washington int."]
[Site "Rockville USA"]
[Date "2016.08.14"]
[Round "3"]
[White "Preotu, Razvan"]
[Black "Panjwani, Raja"]
[Result "1-0"]
[WhiteElo "2469"]
[BlackElo "2392"]
[PlyCount "87"]
[EventDate "2016.08.13"]
[EventType "swiss"]
[EventRounds "9"]
[EventCountry "USA"]
[Source "Chessbase"]
[SourceDate "2016.08.26"]

1. d4 g6 2. e4 Bg7 3. Nc3 c6 4. f4 d5 5. e5 Qb6 6. Nf3 Bg4 7. Be2 Nh6 8. Na4
Qc7 9. h3 Bxf3 10. Bxf3 Nf5 11. g4 Nh4 12. Be3 Qa5+ 13. Nc3 f6 14. O-O Nd7 15.
Be2 O-O-O 16. e6 Nb6 17. Qe1 g5 18. f5 Nc4 19. Bf2 h5 20. b3 hxg4 21. hxg4 Nd6
22. Na4 Qxe1 23. Bxe1 Rh7 24. Nc3 Rdh8 25. Bg3 b5 26. a3 a5 27. Kf2 Kb7 28. Bd3
Kb6 29. Ne2 Ne4+ 30. Bxe4 dxe4 31. Ke3 Nf3 32. Rf2 Nh2 33. Rxh2 Rxh2 34. Bxh2
Rxh2 35. c4 Rh3+ 36. Kxe4 Rxb3 37. c5+ Ka6 38. d5 cxd5+ 39. Kxd5 Kb7 40. Nd4
Re3 41. Nxb5 Re5+ 42. Kc4 Re4+ 43. Nd4 Rxg4 44. Rb1+ 1-0

[Event "Calgary int."]
[Site "Calgary CAN"]
[Date "2016.07.27"]
[Round "1.13"]
[White "Nechio, Douglas"]
[Black "Panjwani, Raja"]
[Result "0-1"]
[WhiteElo "1906"]
[BlackElo "2388"]
[PlyCount "48"]
[EventDate "2016.07.27"]
[EventType "swiss"]
[EventRounds "9"]
[EventCountry "CAN"]

1. e4 c5 2. Nf3 g6 3. d4 cxd4 4. Nxd4 Bg7 5. c4 Nc6 6. Nc2 Nf6 7. Nc3 O-O 8.
Be2 b6 9. O-O Bb7 10. Rb1 Ne8 11. Qd2 Nd6 12. f3 f5 13. Nb5 fxe4 14. Nxd6 exd6
15. Qxd6 Ne5 16. f4 Nf7 17. Qd2 d5 18. Rd1 dxc4 19. Qb4 Qc7 20. Bxc4 a5 21. Qb5
Ba6 22. Bxf7+ Qxf7 23. Qd7 Qxd7 24. Rxd7 Bd3 0-1

[Event "Calgary int."]
[Site "Calgary CAN"]
[Date "2016.07.28"]
[Round "3.4"]
[White "Findlay, Ian"]
[Black "Panjwani, Raja"]
[Result "0-1"]
[WhiteElo "2245"]
[BlackElo "2388"]
[PlyCount "74"]
[EventDate "2016.07.27"]
[EventType "swiss"]
[EventRounds "9"]
[EventCountry "CAN"]

1. e4 c5 2. Nf3 g6 3. d4 cxd4 4. Nxd4 Bg7 5. c4 Nc6 6. Be3 Nf6 7. Nc3 O-O 8.
Be2 d6 9. O-O Nxd4 10. Bxd4 Bd7 11. Qd2 Bc6 12. f3 a5 13. Rab1 Nd7 14. Bf2 Nc5
15. b3 e6 16. Rfd1 Be5 17. Nb5 Bxb5 18. cxb5 b6 19. Rbc1 Qe7 20. Rc4 d5 21.
exd5 exd5 22. Bh4 Qc7 23. Qxd5 Bxh2+ 24. Kh1 Rae8 25. Bf1 Re6 26. Qg5 Re5 27.
Qf6 Rh5 28. Rg4 Be5 29. Qc6 Qxc6 30. bxc6 f5 31. Rc4 g5 32. Rd5 Bg3 33. Kg1
Rxh4 34. f4 Bxf4 35. Rxf4 Rxf4 36. c7 Ne6 37. g3 Rxf1+ 0-1